书目信息 |
| 题名: |
农作物废弃物药用研究
|
|
| 作者: | 邓家刚 主编 | |
| 分册: | I 芒果叶、芒果核及其提取物芒果苷 | |
| 出版信息: | 北京 北京科学技术出版社 2018.05 |
|
| 页数: | 460页 | |
| 开本: | 26cm | |
| 丛书名: | ||
| 单 册: | ||
| 中图分类: | R974 , R93 | |
| 科图分类: | ||
| 主题词: | 芒果甙--研究 , 生约学 | |
| 电子资源: | ||
| ISBN: | 978-7-5304-9200-0 | |
| 000 | 01224nam0 2200289 450 | |
| 001 | 1324 | |
| 005 | 20180929082143.96 | |
| 010 | @a978-7-5304-9200-0@b精装@dCNY498.00 | |
| 100 | @a20180819d2018 em y0chiy50 ea | |
| 101 | 0 | @achi |
| 102 | @aCN@b110000 | |
| 105 | @aa az 000yy | |
| 200 | 1 | @a农作物废弃物药用研究@9nong zuo wu fei qi wu yao yong yan jiu@hI@i芒果叶、芒果核及其提取物芒果苷@f邓家刚主编 |
| 210 | @a北京@c北京科学技术出版社@d2018.05 | |
| 215 | @a460页@c图@d26cm | |
| 300 | @a基金来源:广西高校协同创新中心建设项目:农作物废弃物功能成分研究协同创新中心 广西科技计划基地和人才专项重点实验室建设项目:广西中药药效研究重点实验室 | |
| 314 | @a邓家刚,男,广西中医药大学二级教授、主任医师、广西终身教授、博士研究生导师等。获中华中医药学会科技进步二等奖等奖项。出版《桂本草》《广西海洋药物》等学术专著。 | |
| 320 | @a有书目 | |
| 330 | @a本书分为四章,内容包括:概论;质量控制技术研究;药效毒理研究;制剂工艺研究。 | |
| 517 | 1 | @a芒果叶、芒果核及其提取物芒果苷@9mang guo ye、mang guo he ji qi ti qu wu mang guo gan |
| 606 | 0 | @a芒果甙@x研究 |
| 606 | 0 | @a生约学 |
| 690 | @aR974@v5 | |
| 690 | @aR93@v4 | |
| 701 | 0 | @a邓家刚@9deng jia gang@4主编 |
| 801 | 0 | @aCN@b91MARC@c20180819 |
| 905 | @aMuseLib@dR93@e143:1 | |
| 农作物废弃物药用研究.I.芒果叶、芒果核及其提取物芒果苷/邓家刚主编.-北京:北京科学技术出版社,2018.05 |
| 460页:图;26cm |
| 基金来源:广西高校协同创新中心建设项目:农作物废弃物功能成分研究协同创新中心 广西科技计划基地和人才专项重点实验室建设项目:广西中药药效研究重点实验室 |
| ISBN 978-7-5304-9200-0(精装):CNY498.00 |
| 本书分为四章,内容包括:概论;质量控制技术研究;药效毒理研究;制剂工艺研究。 |
| ● |
| 相关链接 |
|
|
|
|
正题名:农作物废弃物药用研究
索取号:R93/143:1
 
预约/预借
| 序号 | 登录号 | 条形码 | 馆藏地/架位号 | 状态 | 备注 |
| 1 | 1122123 | 211221239 | 第二样本阅览室/ [索取号:R93/143:1] | 在馆 | |
| 2 | 1122124 | 211221248 | 密集书库-生命科学系/ [索取号:R93/143:1] | 在馆 |